Central Library OPAC University of Rajshahi

The poetical works of William Wordsworth / (Record no. 65270)

MARC details
000 -LEADER
fixed length control field 00752nam a2200253 a 4500
001 - CONTROL NUMBER
control field 65270
003 - CONTROL NUMBER IDENTIFIER
rucl marc code BD-RjUL
005 - DATE AND TIME OF LATEST TRANSACTION
control field 20211209081414.0
008 - FIXED-LENGTH DATA ELEMENTS--GENERAL INFORMATION
fixed length control field 170302s1952 enkfa 001 0aeng d
035 ## - SYSTEM CONTROL NUMBER
System control number (BD-RjUL)65400
040 ## - CATALOGING SOURCE
Original cataloging agency DLC
Transcribing agency CarP
Modifying agency BD-RjUL
Language of cataloging eng
041 ## - LANGUAGE CODE
Language code of text/sound track or separate title eng
082 ## - DEWEY DECIMAL CLASSIFICATION NUMBER
Edition number 23
Classification number 821.7
Author mark and year WOP 1952
100 1# - MAIN ENTRY--PERSONAL NAME
Personal name Wordsworth, William,
Dates associated with a name 1770-1850.
9 (RLIN) 186715
245 14 - TITLE STATEMENT
Title The poetical works of William Wordsworth /
Statement of responsibility, etc. William Wordsworth
260 ## - PUBLICATION, DISTRIBUTION, ETC. (IMPRINT)
Place of publication, distribution, etc. Oxford :
Name of publisher, distributor, etc. At The Clarendon Press,
Date of publication, distribution, etc. 1952.
300 ## - PHYSICAL DESCRIPTION
Pagination xv, 378 p. ;
Size 18 cm.
500 ## - GENERAL NOTE
General note Includes Index
600 ## - SUBJECT ADDED ENTRY--PERSONAL NAME
Personal name Wordsworth, William,
Dates associated with a name 1770-1850
650 ## - SUBJECT ADDED ENTRY--TOPICAL TERM
Topical term or geographic name as entry element English Poetry
9 (RLIN) 193198
700 ## - ADDED ENTRY--PERSONAL NAME
Fuller form of name E.De Selincourt
942 ## - ADDED ENTRY ELEMENTS (KOHA)
Source of classification or shelving scheme Dewey Decimal Classification
Koha item type Books
Holdings
Lost status Source of classification or shelving scheme Damaged status Not for loan Collection code Permanent Location Current Location Shelving location Date acquired Source of acquisition Cost, normal purchase price Total Checkouts Full call number Date last seen Copy number Koha item type
  Dewey Decimal Classification   Not For Loan Fiction Central Library, University of Rajshahi Central Library, University of Rajshahi Reading Room 19/02/1955 Covert it.st. 16.14   821.7 WOP 1952 02/03/2017 C-1 Books